[Event "Junior Online 4NCL Division 5"]
[Site "online"]
[Date "2021.03.18"]
[EventDate "2021.03.18"]
[Round "5.108"]
[White "Kota, Ashwath Kumar"]
[WhiteElo "973"]
[WhiteTeam "Maidenhead Juniors 5"]
[Black "Wong, Joseph"]
[BlackElo "1299"]
[BlackTeam "Wanstead Warriors 2"]
[Result "1-0"]
[PlyCount "95"]

1. e4 d5 2. exd5 Qxd5 3. Nc3 Qa5 4. d4 c6 5. Bd2 Qc7 6. Nf3 Nf6 7. Bg5 Bg4 8. Bh4 Bf5 9. Bg3 Qc8 10. Bc4 b5 11. Bb3 Nd5 12. Nxd5 cxd5 13. Bxd5 Bxc2 14. Qc1 Nc6 15. Qxc2 Nb4 16. Qxc8+ Rxc8 17. Bb3 a5 18. a4 Rc2 19. Bxc2 Nxc2+ 20. Kd2 Nxa1 21. Rxa1 bxa4 22. Rxa4 e6 23. Rxa5 Bb4+ 24. Kc2 Bxa5 25. Bd6 Bd8 26. b4 Be7 27. Bc5 Bxc5 28. dxc5 Kd7 29. Ne5+ Ke7 30. Kc3 Rc8 31. Kc4 f6 32. Nd3 e5 33. b5 Ke6 34. b6 Kd7 35. Kb5 Rc6 36. Nb4 Rc8 37. Na6 e4 38. b7 Rg8 39. c6+ Kd6 40. Kb6 f5 41. c7 f4 42. b8=Q Rxb8+ 43. cxb8=Q+ Kd5 44. Qxf4 Kd4 45. Nc5 h6 46. Qxe4+ Kc3 47. Qd3+ Kb4 48. Qb3# 1-0

[Event "Junior Online 4NCL Division 5"]
[Site "online"]
[Date "2021.03.18"]
[EventDate "2021.03.18"]
[Round "5.111"]
[White "Patel, Ananya"]
[WhiteElo "1501"]
[WhiteTeam "Chess Challengers C"]
[Black "Nikolov, Alexander"]
[BlackElo "1525"]
[BlackTeam "Desert Penguins Neptune"]
[Result "0-1"]
[PlyCount "48"]

1. e4 c5 2. f4 d6 3. Nf3 Nf6 4. Nc3 Nbd7 5. Bc4 a6 6. a3 e6 7. d3 b5 8. Ba2 Bb7 9. O-O Be7 10. Be3 O-O 11. Qe1 Rc8 12. Qg3 h6 13. f5 Nh5 14. Qh3 Ndf6 15. fxe6 fxe6 16. Bxe6+ Kh8 17. Bxc8 Bxc8 18. g4 Bxg4 19. Qg2 Qd7 20. Qf2 Bh3 21. Rfe1 Qg4+ 22. Kh1 Nxe4 23. Nxe4 Bh4 24. Qxh4 Qg2# 0-1

[Event "Junior Online 4NCL Division 5"]
[Site "online"]
[Date "2021.03.18"]
[EventDate "2021.03.18"]
[Round "5.112"]
[White "Xu, Owen"]
[WhiteElo "1480"]
[WhiteTeam "Desert Penguins Neptune"]
[Black "Papneja, Vedant"]
[BlackElo "1410"]
[BlackTeam "Chess Challengers C"]
[Result "0-1"]
[PlyCount "90"]

1. d4 d5 2. c4 e6 3. Nc3 Nf6 4. Bg5 Nbd7 5. e3 Be7 6. Nf3 b6 7. cxd5 exd5 8. Bd3 O-O 9. O-O Bb7 10. Qc2 g6 11. Bh6 Re8 12. Bf4 c5 13. dxc5 Bxc5 14. Qb3 Qe7 15. Bg5 Qe6 16. Bb5 Bc6 17. Bxc6 Qxc6 18. Na4 Rab8 19. Rac1 Qd6 20. Rfd1 Re4 21. Bxf6 Nxf6 22. Nxc5 bxc5 23. Qc3 Rc4 24. Qd3 Rxc1 25. Rxc1 Rxb2 26. a3 c4 27. Qd4 Rb6 28. Rd1 Ra6 29. Qc3 Qxa3 30. Qe5 Qd6 31. Qb2 Rb6 32. Qa2 Qc7 33. Nd4 Ne4 34. Qa3 Qb7 35. Qa1 Ra6 36. Qc1 Rb6 37. Nf3 a5 38. Qc2 Ra6 39. Nd4 a4 40. Ra1 a3 41. Qa2 Nc3 42. Qc2 Qb2 43. Qxb2 axb2 44. Rf1 Ra1 45. Rxa1 bxa1=Q# 0-1

[Event "Junior Online 4NCL Division 5"]
[Site "online"]
[Date "2021.03.18"]
[EventDate "2021.03.18"]
[Round "5.113"]
[White "Sethi, Siddharth"]
[WhiteElo "1416"]
[WhiteTeam "Chess Challengers C"]
[Black "Donati Plutino, Francesco Rodolfo"]
[BlackElo "993"]
[BlackTeam "Desert Penguins Neptune"]
[Result "1-0"]
[PlyCount "101"]

1. e4 c5 2. Nc3 d6 3. Nf3 e6 4. e5 dxe5 5. Nxe5 Bd6 6. Bb5+ Nc6 7. Nxc6 bxc6 8. Bxc6+ Bd7 9. Bxa8 Qxa8 10. Qf3 Bc6 11. Qe3 Nf6 12. h3 O-O 13. d4 cxd4 14. Qxd4 Rd8 15. Bg5 Bxg2 16. Rg1 Bxh3 17. O-O-O Be7 18. Qe3 Re8 19. Qxh3 Kh8 20. Rh1 Kg8 21. Bxf6 Bxf6 22. Qxh7+ Kf8 23. Rd7 Bg5+ 24. Kb1 Qxh1+ 25. Qxh1 Kg8 26. Qf3 Rf8 27. Ne4 Bh6 28. Nd6 a6 29. Rxf7 Rd8 30. b3 a5 31. a4 Rb8 32. Nb5 Rd8 33. Re7 Rf8 34. Qg2 Rf7 35. Rxf7 Kxf7 36. Qf3+ Kg8 37. Nc7 Kh8 38. Nxe6 Kg8 39. Qf8+ Kh7 40. c4 Kg6 41. f4 Kh7 42. f5 g6 43. Qf7+ Bg7 44. fxg6+ Kh6 45. Qxg7+ Kh5 46. Qh7+ Kg4 47. Qf7 Kh5 48. g7+ Kg4 49. g8=Q+ Kh3 50. Qg5 Kh2 51. Qh7# 1-0

[Event "Junior Online 4NCL Division 5"]
[Site "online"]
[Date "2021.03.18"]
[EventDate "2021.03.18"]
[Round "5.114"]
[White "Tsitos, Konstantinos"]
[WhiteElo "738"]
[WhiteTeam "Desert Penguins Neptune"]
[Black "Zabotka, Motiejus"]
[BlackElo "1488"]
[BlackTeam "Chess Challengers C"]
[Result "0-1"]
[PlyCount "70"]

1. d4 Nf6 2. c4 c5 3. Nf3 d5 4. b3 dxc4 5. bxc4 cxd4 6. Nxd4 e5 7. Nc2 Qxd1+ 8. Kxd1 Bc5 9. e3 O-O 10. Bd3 e4 11. Re1 exd3 12. Nd4 Bxd4 13. exd4 Ng4 14. h3 Nxf2+ 15. Kd2 Bd7 16. Rf1 Ne4+ 17. Kd1 Ba4+ 18. Ke1 Rd8 19. Rf4 Rxd4 20. Bb2 Rxc4 21. Rg4 g6 22. Rf4 d2+ 23. Ke2 d1=Q+ 24. Ke3 Qe1+ 25. Kd3 Bb5 26. Rf3 Rc3+ 27. Kd4 Rxf3 28. Ke5 Nd2+ 29. Kd5 Nxb1 30. Rxb1 Qxb1 31. Kc5 Qxb2 32. Kd5 Qd2+ 33. Kc5 Rc3+ 34. Kxb5 Qb2+ 35. Ka5 Ra3# 0-1

[Event "Junior Online 4NCL Division 5"]
[Site "online"]
[Date "2021.03.18"]
[EventDate "2021.03.18"]
[Round "5.115"]
[White "Nikolov, Alexander"]
[WhiteElo "1525"]
[WhiteTeam "Desert Penguins Neptune"]
[Black "Patel, Ananya"]
[BlackElo "1501"]
[BlackTeam "Chess Challengers C"]
[Result "1-0"]
[PlyCount "69"]

1. d4 c6 2. c4 d5 3. cxd5 cxd5 4. Nc3 Nf6 5. Bg5 Bf5 6. Nf3 Nc6 7. e3 e6 8. Bd3 Bg6 9. Bxg6 hxg6 10. O-O Bd6 11. Nb5 Qe7 12. Rc1 Rh5 13. Re1 O-O-O 14. Nxa7+ Kb8 15. Nxc6+ bxc6 16. Rxc6 Rc8 17. Qb3+ Bb4 18. Rb6+ Kc7 19. Rxb4 Kd8 20. Rb8 Qc7 21. Rxc8+ Qxc8 22. Qc3 Qd7 23. Ne5 Qe7 24. Nc6+ Ke8 25. Nxe7 Kxe7 26. Qc7+ Ke8 27. f4 Rh8 28. Qc8+ Ke7 29. Qxh8 Kd6 30. a4 Ne4 31. a5 f6 32. a6 fxg5 33. a7 gxf4 34. a8=Q fxe3 35. Qhd8# 1-0

[Event "Junior Online 4NCL Division 5"]
[Site "online"]
[Date "2021.03.18"]
[EventDate "2021.03.18"]
[Round "5.116"]
[White "Papneja, Vedant"]
[WhiteElo "1410"]
[WhiteTeam "Chess Challengers C"]
[Black "Xu, Owen"]
[BlackElo "1480"]
[BlackTeam "Desert Penguins Neptune"]
[Result "1-0"]
[PlyCount "145"]

1. d4 d5 2. Bf4 e6 3. e3 Nf6 4. Nf3 a6 5. Bd3 Bb4+ 6. c3 Be7 7. Nbd2 O-O 8. Qc2 Nbd7 9. O-O b5 10. h3 Bb7 11. Rfe1 c5 12. Ne5 c4 13. Be2 Rc8 14. Ndf3 Qc7 15. Ng6 Bd6 16. Bxd6 Qxd6 17. Nxf8 Qxf8 18. b3 cxb3 19. axb3 Qd6 20. Qb2 Ne4 21. Rec1 Nb6 22. Bd3 h6 23. Bxe4 dxe4 24. Nd2 Nd5 25. c4 Nb4 26. cxb5 Rxc1+ 27. Qxc1 Nd3 28. Qc2 axb5 29. Ra7 Bd5 30. Qc8+ Kh7 31. Rxf7 e5 32. Rd7 Qf6 33. f3 Be6 34. Nxe4 Qf5 35. Qc3 Bxd7 36. Qxd3 exd4 37. Qxd4 Qe6 38. Nc5 Qc6 39. Nxd7 Qc1+ 40. Kh2 Qc7+ 41. f4 Qb7 42. Nc5 Qc7 43. Qe4+ Kh8 44. Qe8+ Kh7 45. Ne6 Qb7 46. f5 Qa7 47. Qg6+ Kg8 48. f6 Qb8+ 49. g3 Qb7 50. Qxg7+ Qxg7 51. fxg7 Kf7 52. Nd4 Kxg7 53. Nxb5 Kf6 54. Nd4 Kg6 55. b4 Kf6 56. b5 Ke7 57. b6 Kd7 58. g4 Kc8 59. e4 Kb7 60. e5 Kxb6 61. e6 Kc7 62. e7 Kd7 63. Nf5 Ke8 64. Kg3 Kf7 65. Kf4 Ke8 66. Ke5 Kf7 67. Kd6 Ke8 68. Ng7+ Kf7 69. Kd7 Kg6 70. e8=Q+ Kf6 71. Nh5+ Kg5 72. Qe5+ Kg6 73. Qf5# 1-0

[Event "Junior Online 4NCL Division 5"]
[Site "online"]
[Date "2021.03.18"]
[EventDate "2021.03.18"]
[Round "5.117"]
[White "Donati Plutino, Francesco Rodolfo"]
[WhiteElo "993"]
[WhiteTeam "Desert Penguins Neptune"]
[Black "Sethi, Siddharth"]
[BlackElo "1416"]
[BlackTeam "Chess Challengers C"]
[Result "0-1"]
[PlyCount "52"]

1. d4 d5 2. c4 e6 3. e3 Nc6 4. Nc3 Nf6 5. Nf3 Bb4 6. Bd2 Ne4 7. Bd3 Nxd2 8. Qxd2 Bd6 9. O-O O-O 10. a3 e5 11. cxd5 exd4 12. exd4 Na5 13. Rae1 Bg4 14. Ng5 f5 15. Ne6 Qf6 16. Nxf8 Rxf8 17. Nb5 a6 18. Nxd6 cxd6 19. Qxa5 Qg5 20. Re3 f4 21. Ree1 Bf3 22. g3 Qg4 23. Re7 Qh3 24. Rxg7+ Kxg7 25. Qc7+ Rf7 26. Qxf7+ Kxf7 0-1

[Event "Junior Online 4NCL Division 5"]
[Site "online"]
[Date "2021.03.18"]
[EventDate "2021.03.18"]
[Round "5.118"]
[White "Zabotka, Motiejus"]
[WhiteElo "1488"]
[WhiteTeam "Chess Challengers C"]
[Black "Tsitos, Konstantinos"]
[BlackElo "738"]
[BlackTeam "Desert Penguins Neptune"]
[Result "1-0"]
[PlyCount "95"]

1. e4 c5 2. Bc4 d6 3. Nf3 e6 4. d4 cxd4 5. Qxd4 Nc6 6. Bb5 Nf6 7. e5 Nd5 8. c4 Nc7 9. exd6 Qxd6 10. Qxd6 Bxd6 11. Nd4 Bd7 12. Nd2 O-O 13. Nxc6 bxc6 14. Ba4 e5 15. Ne4 Be7 16. c5 Rab8 17. Nd6 Bxd6 18. cxd6 Nd5 19. O-O Rb4 20. b3 Rb6 21. Re1 f6 22. Be3 Rbb8 23. Bxa7 Ra8 24. Bc5 Ra5 25. Rac1 Rb8 26. Ba3 Rc8 27. Bb2 Raa8 28. Rc5 Rab8 29. Rec1 Rb6 30. g4 Ra6 31. h4 Rb6 32. Kg2 g5 33. hxg5 fxg5 34. Kf3 Nf6 35. Rxe5 h6 36. Re7 Be8 37. Bxf6 Ra6 38. Rg7+ Kf8 39. d7 Bxd7 40. Rxd7 Ke8 41. Re7+ Kf8 42. Ke4 Kg8 43. Ke5 Kf8 44. Kd6 Kg8 45. Bxc6 Rc7 46. Kxc7 Kf8 47. Rd1 Kg8 48. Rd8# 1-0

[Event "Junior Online 4NCL Division 5"]
[Site "online"]
[Date "2021.03.18"]
[EventDate "2021.03.18"]
[Round "5.121"]
[White "Boikovs, Alexander"]
[WhiteElo "1500"]
[WhiteTeam "Golden Falcons 1"]
[Black "Rattani, Ehan"]
[BlackElo "1386"]
[BlackTeam "Chess Challengers G"]
[Result "0-1"]
[PlyCount "28"]

1. c4 e5 2. e3 d5 3. cxd5 Qxd5 4. a3 Nf6 5. Nf3 Bc5 6. Nc3 Qe6 7. Be2 O-O 8. O-O Bd6 9. Re1 Qf5 10. Nh4 Qg5 11. Nf3 Qh6 12. d4 e4 13. Nd2 Qxh2+ 14. Kf1 Qh1# 0-1

[Event "Junior Online 4NCL Division 5"]
[Site "online"]
[Date "2021.03.18"]
[EventDate "2021.03.18"]
[Round "5.122"]
[White "Nikam, Arya"]
[WhiteElo "1337"]
[WhiteTeam "Chess Challengers G"]
[Black "Shelest, Sergei"]
[BlackElo "1451"]
[BlackTeam "Golden Falcons 1"]
[Result "1/2-1/2"]
[PlyCount "158"]

1. Nc3 e5 2. Nf3 Nc6 3. d4 exd4 4. Nxd4 Nf6 5. e3 Qe7 6. Bc4 Nxd4 7. Qxd4 Qd6 8. O-O Qxd4 9. exd4 Bd6 10. Bd3 O-O 11. Ne4 Nxe4 12. Bxe4 Re8 13. Re1 f5 14. Bf4 Bxf4 15. Bxf5 Rxe1+ 16. Rxe1 h6 17. Re8+ Kf7 18. Rh8 d5 19. c4 Bxf5 20. Rxa8 a6 21. Ra7 dxc4 22. Rxb7 Bc1 23. Rxc7+ Kg8 24. Rxc4 Bxb2 25. d5 Be5 26. Rc5 Kf7 27. d6 Ke6 28. Rc6 Bxd6 29. Rxa6 Bg6 30. Ra7 Be5 31. a4 Kd5 32. a5 Bd4 33. Ra8 Kc4 34. a6 Kb5 35. Kf1 Be4 36. Rg8 Kxa6 37. Rh8 Kb5 38. Rb8+ Kc4 39. f3 Bd3+ 40. Ke1 Bc3+ 41. Kf2 Bd4+ 42. Kg3 Be5+ 43. f4 Bxb8 44. h4 Kd4 45. Kg4 Bd6 46. g3 Bf8 47. f5 Ke3 48. Kh5 Be2+ 49. Kg6 Kf3 50. Kf7 h5 51. Kxf8 Kxg3 52. Kxg7 Bc4 53. Kh6 Kxh4 54. f6 Kg4 55. Kg6 h4 56. Kh6 h3 57. Kg7 h2 58. f7 Bxf7 59. Kxf7 h1=Q 60. Ke6 Qf1 61. Ke7 Kf4 62. Kf6 Ke3+ 63. Ke6 Kd2 64. Ke7 Qe2+ 65. Kf6 Qe4 66. Kg5 Qf3 67. Kg6 Qf4 68. Kg7 Qf5 69. Kg8 Qf6 70. Kh7 Kd3 71. Kg8 Kd4 72. Kh7 Ke5 73. Kg8 Ke6 74. Kh7 Ke7 75. Kg8 Qg6+ 76. Kh8 Qf5 77. Kg8 Qf4 78. Kg7 Ke6 79. Kg8 Qh6 1/2-1/2

[Event "Junior Online 4NCL Division 5"]
[Site "online"]
[Date "2021.03.18"]
[EventDate "2021.03.18"]
[Round "5.123"]
[White "Jakovlev, Mark"]
[WhiteElo "1451"]
[WhiteTeam "Golden Falcons 1"]
[Black "Jain, Aarnav"]
[BlackElo "1250"]
[BlackTeam "Chess Challengers G"]
[Result "0-1"]
[PlyCount "40"]

1. e4 e5 2. Qh5 Nc6 3. Bc4 g6 4. Qe2 Nf6 5. Qf3 Bg7 6. Qd1 O-O 7. Nf3 d5 8. exd5 Nxd5 9. Bxd5 Qxd5 10. b3 e4 11. Ng5 Qxg5 12. d4 Qxg2 13. Rf1 Bg4 14. Qd2 Rad8 15. c3 f5 16. Qd3 exd3 17. Bg5 Rde8+ 18. Kd2 Qxf1 19. h4 Qe2+ 20. Kc1 Qc2# 0-1

[Event "Junior Online 4NCL Division 5"]
[Site "online"]
[Date "2021.03.18"]
[EventDate "2021.03.18"]
[Round "5.124"]
[White "Botnari, Diana"]
[WhiteElo "1174"]
[WhiteTeam "Chess Challengers G"]
[Black "Rolletta, Sofia"]
[BlackElo "1218"]
[BlackTeam "Golden Falcons 1"]
[Result "1/2-1/2"]
[PlyCount "89"]

1. e4 e6 2. Nf3 d5 3. exd5 exd5 4. d4 Bb4+ 5. c3 Bf8 6. Bd3 g6 7. O-O Bg7 8. h3 Ne7 9. Bg5 O-O 10. Bxe7 Qxe7 11. Na3 b6 12. Re1 Qd6 13. Nb5 Qd7 14. Ne5 Bxe5 15. dxe5 Re8 16. Qg4 Qxg4 17. hxg4 Ba6 18. Nxc7 Nc6 19. Nxa8 Bxd3 20. Nc7 Rxe5 21. Rxe5 Nxe5 22. Nxd5 Be4 23. Ne7+ Kf8 24. Re1 f6 25. Rxe4 Kxe7 26. b4 Kd6 27. a4 f5 28. gxf5 gxf5 29. Rh4 a5 30. bxa5 bxa5 31. Rxh7 Ng6 32. Ra7 Nf4 33. Rxa5 Ne2+ 34. Kf1 Nxc3 35. Rxf5 Nxa4 36. g4 Ke6 37. Rf3 Nc5 38. g5 Ne4 39. g6 Nd2+ 40. Ke2 Nxf3 41. g7 Nd4+ 42. Ke3 Nf5+ 43. Ke4 Nxg7 44. f4 Nf5 45. Kf3 1/2-1/2

[Event "Junior Online 4NCL Division 5"]
[Site "online"]
[Date "2021.03.18"]
[EventDate "2021.03.18"]
[Round "5.125"]
[White "Rattani, Ehan"]
[WhiteElo "1386"]
[WhiteTeam "Chess Challengers G"]
[Black "Boikovs, Alexander"]
[BlackElo "1500"]
[BlackTeam "Golden Falcons 1"]
[Result "0-1"]
[PlyCount "42"]

1. e4 c5 2. Nf3 e6 3. Nc3 Nc6 4. d4 cxd4 5. Nxd4 Nxd4 6. Qxd4 Nf6 7. Bb5 a6 8. Ba4 Be7 9. O-O O-O 10. Bf4 d5 11. exd5 exd5 12. Qe3 d4 13. Qg3 dxc3 14. bxc3 Nh5 15. Qf3 Nxf4 16. Qxf4 Bd6 17. Qh4 Qxh4 18. h3 Bxh3 19. gxh3 Qxa4 20. Rad1 Qf4 21. a3 Qh2# 0-1

[Event "Junior Online 4NCL Division 5"]
[Site "online"]
[Date "2021.03.18"]
[EventDate "2021.03.18"]
[Round "5.126"]
[White "Shelest, Sergei"]
[WhiteElo "1451"]
[WhiteTeam "Golden Falcons 1"]
[Black "Nikam, Arya"]
[BlackElo "1337"]
[BlackTeam "Chess Challengers G"]
[Result "1-0"]
[PlyCount "99"]

1. c4 e6 2. Nc3 Nf6 3. e3 Nc6 4. d4 d5 5. Nf3 Bb4 6. Bd2 dxc4 7. Bxc4 Qe7 8. Qc2 e5 9. dxe5 Nxe5 10. Nxe5 Qxe5 11. O-O Ne4 12. Nxe4 Bxd2 13. Nxd2 Bf5 14. Bd3 O-O 15. Bxf5 Rad8 16. Nf3 Qd5 17. Rfd1 Qc6 18. Qxc6 bxc6 19. Rxd8 Rxd8 20. h3 g6 21. Bg4 f5 22. Bxf5 gxf5 23. Rc1 Rd6 24. g4 fxg4 25. hxg4 h6 26. Kg2 Kf7 27. Kg3 Ke7 28. Ne5 c5 29. Rxc5 Re6 30. Nc6+ Kd6 31. Nd4 Re4 32. Rc6+ Kd5 33. Rxh6 Ke5 34. Rh5+ Kf6 35. Kf3 Re6 36. Nxe6 Kxe6 37. Ra5 Kf6 38. Rxa7 c5 39. Rc7 Ke5 40. Rxc5+ Kf6 41. Rf5+ Kg6 42. b4 Kg7 43. b5 Kg6 44. b6 Kh6 45. b7 Kg6 46. b8=Q Kg7 47. Qf8+ Kg6 48. Qf6+ Kh7 49. Rh5+ Kg8 50. Rh8# 1-0

[Event "Junior Online 4NCL Division 5"]
[Site "online"]
[Date "2021.03.18"]
[EventDate "2021.03.18"]
[Round "5.127"]
[White "Jain, Aarnav"]
[WhiteElo "1250"]
[WhiteTeam "Chess Challengers G"]
[Black "Jakovlev, Mark"]
[BlackElo "1451"]
[BlackTeam "Golden Falcons 1"]
[Result "1-0"]
[PlyCount "61"]

1. e4 e5 2. Nf3 Nf6 3. Nc3 Bb4 4. Bc4 O-O 5. d3 d5 6. exd5 Nxd5 7. Bd2 Nxc3 8. Bxc3 Bxc3+ 9. bxc3 Bg4 10. h3 Bf5 11. O-O Nc6 12. Re1 e4 13. dxe4 Qxd1 14. Raxd1 Bxe4 15. Rxe4 g6 16. Bd5 Na5 17. Rh4 Rfd8 18. Rdd4 Nc4 19. Rxc4 Rxd5 20. Rxc7 Rd1+ 21. Kh2 Rdd8 22. Rxb7 Rac8 23. Rxa7 Rxc3 24. a4 Rxc2 25. Ng5 Rc1 26. Rxh7 Rdd1 27. Raxf7 Rh1+ 28. Kg3 Rc3+ 29. f3 Rc5 30. Ne6 Ra5 31. Rfg7# 1-0

[Event "Junior Online 4NCL Division 5"]
[Site "online"]
[Date "2021.03.18"]
[EventDate "2021.03.18"]
[Round "5.131"]
[White "Watson, Scarlet"]
[WhiteElo "1222"]
[WhiteTeam "KJCA Young Kestrels G"]
[Black "Innani, Nipun"]
[BlackElo "1000"]
[BlackTeam "KEGS C"]
[Result "0-1"]
[PlyCount "82"]

1. d4 e5 2. dxe5 Bc5 3. Nc3 f6 4. exf6 Nxf6 5. g3 d6 6. Bg2 Ng4 7. e3 O-O 8. Nf3 Re8 9. Nd5 b6 10. O-O Bb7 11. Nf4 Nd7 12. h3 Nge5 13. b3 b5 14. Bb2 a5 15. Qe1 a4 16. Qc3 Qf6 17. Nh5 Qg6 18. Nf4 Qf6 19. Nh5 Nxf3+ 20. Bxf3 Qxc3 21. Bxc3 Bxf3 22. Nf4 Bb7 23. Nh5 Ne5 24. Rad1 Nf3+ 25. Kh1 Nd2+ 26. Kg1 Nxf1 27. Rxf1 Re7 28. Rd1 Bf3 29. Rd3 Bxh5 30. Rd5 Bf3 31. Rf5 Be4 32. Rf4 Bxc2 33. Rg4 g6 34. Bf6 Rf7 35. Bg5 axb3 36. axb3 Ra1+ 37. Kg2 d5 38. b4 Be4+ 39. f3 Bxf3+ 40. Kh2 Bxg4 41. bxc5 Rf2# 0-1

[Event "Junior Online 4NCL Division 5"]
[Site "online"]
[Date "2021.03.18"]
[EventDate "2021.03.18"]
[Round "5.132"]
[White "Lankothu, Sushant"]
[WhiteElo "1000"]
[WhiteTeam "KEGS C"]
[Black "Trifunovic, Maja A"]
[BlackElo "1248"]
[BlackTeam "KJCA Young Kestrels G"]
[Result "1-0"]
[PlyCount "85"]

1. e4 e5 2. Nf3 Nc6 3. Bc4 Nf6 4. d3 h6 5. h3 Bc5 6. O-O d6 7. Nc3 O-O 8. Na4 Qe7 9. Nxc5 dxc5 10. Bd2 Be6 11. Bb3 Rad8 12. Re1 Rfe8 13. Bc3 c4 14. Ba4 a6 15. Bxc6 bxc6 16. Re3 cxd3 17. cxd3 c5 18. Nxe5 Bc8 19. Nc6 Qe6 20. Nxd8 Rxd8 21. f3 Bb7 22. Kf2 c4 23. Ba5 Qe7 24. Qc2 cxd3 25. Rxd3 Rxd3 26. Qxd3 Qc5+ 27. Kg3 Qxa5 28. Qd8+ Kh7 29. Qf8 Qg5+ 30. Kh2 Qf4+ 31. Kh1 Qd2 32. Qxf7 Qc2 33. Re1 Qf2 34. Rc1 Qg3 35. Rxc7 Ba8 36. Ra7 Bc6 37. Rxa6 Nh5 38. Qxh5 Bb5 39. Qxb5 Qe1+ 40. Kh2 Qf2 41. Qf5+ g6 42. Qf7+ Kh8 43. Ra8# 1-0

[Event "Junior Online 4NCL Division 5"]
[Site "online"]
[Date "2021.03.18"]
[EventDate "2021.03.18"]
[Round "5.133"]
[White "Heard, Ben"]
[WhiteElo "1253"]
[WhiteTeam "KJCA Young Kestrels G"]
[Black "Owen, Joshua"]
[BlackElo "1038"]
[BlackTeam "KEGS C"]
[Result "1-0"]
[PlyCount "127"]

1. e4 e5 2. Nf3 Nc6 3. Nc3 Nf6 4. d4 Bd6 5. dxe5 Bxe5 6. Nxe5 Nxe5 7. Bg5 h6 8. Bh4 g5 9. Bg3 Neg4 10. e5 Nxe5 11. Bxe5 Nh7 12. Bxh8 d6 13. Qe2+ Be6 14. O-O-O Nf6 15. Qf3 Bg4 16. Qxf6 Qxf6 17. Re1+ Qe7 18. Rxe7+ Kxe7 19. Bd4 Re8 20. Nd5+ Kd8 21. Bf6+ Kc8 22. Bd3 Re6 23. h3 Bh5 24. Bf5 Kd7 25. Bxe6+ Kxe6 26. c4 c6 27. Re1+ Kf5 28. g4+ Kg6 29. gxh5+ Kxh5 30. Ne7 d5 31. cxd5 cxd5 32. Nxd5 b5 33. Re7 b4 34. Rxf7 b3 35. axb3 a5 36. Ra7 a4 37. Rxa4 Kg6 38. Rc4 Kh5 39. b4 g4 40. hxg4+ Kg6 41. b5 h5 42. gxh5+ Kxh5 43. b6 Kg6 44. b7 Kf5 45. b8=Q Ke6 46. Qb6+ Kxd5 47. Rc5+ Ke4 48. Qb4+ Kf3 49. Rc3+ Kg2 50. Qg4+ Kf1 51. Kb1 Ke1 52. Rc1+ Kd2 53. Bg5+ Kd3 54. Qd7+ Ke4 55. Re1+ Kf3 56. Qf7+ Kg2 57. Qf4 Kh3 58. Re3+ Kg2 59. Qg3+ Kf1 60. Qh3+ Kg1 61. Rg3+ Kxf2 62. Qg2+ Ke1 63. Rf3 Kd1 64. Rf1# 1-0

[Event "Junior Online 4NCL Division 5"]
[Site "online"]
[Date "2021.03.18"]
[EventDate "2021.03.18"]
[Round "5.134"]
[White "Siriwardana, Neil"]
[WhiteElo "904"]
[WhiteTeam "KEGS C"]
[Black "Oprea, Lucas"]
[BlackElo "1214"]
[BlackTeam "KJCA Young Kestrels G"]
[Result "1/2-1/2"]
[PlyCount "110"]

1. e4 e5 2. Nc3 Nf6 3. Nf3 Nc6 4. Bc4 d6 5. d3 Nd4 6. Nxd4 exd4 7. Ne2 Be7 8. O-O O-O 9. Bg5 h6 10. Bh4 Bg4 11. f3 Be6 12. Nxd4 Bxc4 13. dxc4 c5 14. Nf5 b6 15. Nxe7+ Qxe7 16. Qe2 Qe5 17. f4 Qd4+ 18. Kh1 Qxe4 19. Rae1 Rae8 20. Bxf6 Qxe2 21. Rxe2 Rxe2 22. Bh4 Rxc2 23. Rb1 g5 24. fxg5 hxg5 25. Bxg5 Rxc4 26. Be7 Re8 27. Bxd6 Rce4 28. Bg3 Rd4 29. h3 Rd3 30. Bc7 Re7 31. Bb8 Kf8 32. Rf1 Rb7 33. Bf4 Rd4 34. Bh6+ Ke8 35. Re1+ Re7 36. Rf1 Rb4 37. Bg7 Rbe4 38. Rf6 R4e6 39. Rf1 Re1 40. Rxe1 Rxe1+ 41. Kh2 Ra1 42. h4 Rxa2 43. h5 Ra4 44. h6 Rh4+ 45. Kg3 Rh5 46. Kg4 Rh1 47. Kg5 f6+ 48. Kg6 Rg1 49. h7 Rxg2+ 50. Kxf6 Rf2+ 51. Kg6 Rg2+ 52. Kf6 Rf2+ 53. Kg6 Rg2+ 54. Kh6 Rh2+ 55. Kg6 Rg2+ 1/2-1/2

[Event "Junior Online 4NCL Division 5"]
[Site "online"]
[Date "2021.03.18"]
[EventDate "2021.03.18"]
[Round "5.135"]
[White "Innani, Nipun"]
[WhiteElo "1000"]
[WhiteTeam "KEGS C"]
[Black "Watson, Scarlet"]
[BlackElo "1222"]
[BlackTeam "KJCA Young Kestrels G"]
[Result "1-0"]
[PlyCount "79"]

1. e4 e5 2. Nf3 Nc6 3. d4 exd4 4. Bc4 Nf6 5. e5 Ne4 6. Qe2 Nc5 7. Ng5 Qe7 8. Nxf7 Rg8 9. Bg5 Qxe5 10. Nxe5 Nxe5 11. Qxe5+ Ne6 12. Bxe6 dxe6 13. c3 Bd6 14. Qb5+ Bd7 15. Qxb7 Rc8 16. cxd4 h6 17. Be3 Ke7 18. Nc3 Rb8 19. Qxa7 Ra8 20. Qb7 Rgb8 21. Qf3 Rxb2 22. d5 exd5 23. Nxd5+ Ke6 24. Qe4+ Kf7 25. Nxc7 Bxc7 26. Qxa8 Be5 27. Rd1 Bg4 28. f3 Bc3+ 29. Bd2 Bxd2+ 30. Rxd2 Rb1+ 31. Kf2 Rxh1 32. fxg4 Rxh2 33. Rd7+ Kg6 34. Qe4+ Kg5 35. Rd5+ Kh4 36. g5+ Kh5 37. gxh6+ Kxh6 38. Qf4+ Kh7 39. Qxh2+ Kg8 40. a4 1-0

[Event "Junior Online 4NCL Division 5"]
[Site "online"]
[Date "2021.03.18"]
[EventDate "2021.03.18"]
[Round "5.136"]
[White "Trifunovic, Maja A"]
[WhiteElo "1248"]
[WhiteTeam "KJCA Young Kestrels G"]
[Black "Lankothu, Sushant"]
[BlackElo "1000"]
[BlackTeam "KEGS C"]
[Result "0-1"]
[PlyCount "54"]

1. e4 e5 2. Nf3 Nc6 3. Nc3 Bc5 4. Bc4 d6 5. h3 h6 6. d3 Nf6 7. O-O O-O 8. Qe2 Be6 9. Bxe6 fxe6 10. Ng5 Nd4 11. Qe3 Nxc2 12. Qg3 Nxa1 13. Bd2 Nc2 14. Rc1 Nd4 15. Be3 Bb4 16. Bxd4 exd4 17. Nxe6 Qe7 18. Nxf8 Rxf8 19. Nd5 Nxd5 20. exd5 Be1 21. Qxg7+ Kxg7 22. a3 Bxf2+ 23. Kh1 Bg3 24. Rg1 Qe2 25. b3 Rf1 26. a4 Rxg1+ 27. Kxg1 Qe1# 0-1

[Event "Junior Online 4NCL Division 5"]
[Site "online"]
[Date "2021.03.18"]
[EventDate "2021.03.18"]
[Round "5.137"]
[White "Owen, Joshua"]
[WhiteElo "1038"]
[WhiteTeam "KEGS C"]
[Black "Heard, Ben"]
[BlackElo "1253"]
[BlackTeam "KJCA Young Kestrels G"]
[Result "0-1"]
[PlyCount "28"]

1. e4 e5 2. Nf3 Nc6 3. Bc4 Nf6 4. Nc3 Nxe4 5. Nxe4 d5 6. Bxd5 Qxd5 7. d3 Bg4 8. Bg5 Nd4 9. O-O Nxf3+ 10. gxf3 Bh3 11. Re1 Bc5 12. f4 O-O 13. fxe5 Rfe8 14. Nc3 Qg2# 0-1

[Event "Junior Online 4NCL Division 5"]
[Site "online"]
[Date "2021.03.18"]
[EventDate "2021.03.18"]
[Round "5.138"]
[White "Oprea, Lucas"]
[WhiteElo "1214"]
[WhiteTeam "KJCA Young Kestrels G"]
[Black "Siriwardana, Neil"]
[BlackElo "904"]
[BlackTeam "KEGS C"]
[Result "0-1"]
[PlyCount "78"]

1. e4 e5 2. Nc3 Nc6 3. Nf3 Nf6 4. Bb5 Bc5 5. Bxc6 bxc6 6. O-O O-O 7. h3 h6 8. d3 d5 9. Nxe5 dxe4 10. Nxe4 Nxe4 11. dxe4 Qxd1 12. Rxd1 Be6 13. Nd3 Bd6 14. Bf4 Bxf4 15. Nxf4 Rab8 16. Nxe6 fxe6 17. Rd7 Rxb2 18. Rxc7 Rxc2 19. Rxa7 Rfxf2 20. Ra8+ Kf7 21. Ra7+ Kf6 22. e5+ Kg6 23. Kh1 Rxg2 24. Rg1 Rxg1+ 25. Kxg1 c5 26. Ra3 c4 27. Kf1 Kf5 28. Ke1 Kxe5 29. Kd1 Rh2 30. Rg3 Rxa2 31. Rc3 Kd4 32. Rc1 Rh2 33. h4 Rh1+ 34. Kd2 Rxc1 35. Kxc1 Kc3 36. Kd1 e5 37. h5 Kb2 38. Kd2 c3+ 39. Kd1 c2+ 0-1

[Event "Junior Online 4NCL Division 5"]
[Site "online"]
[Date "2021.03.18"]
[EventDate "2021.03.18"]
[Round "5.141"]
[White "Pearson, Matt D"]
[WhiteElo "1035"]
[WhiteTeam "Manchester Juniors F"]
[Black "Srinivasan, Raghav"]
[BlackElo "1545"]
[BlackTeam "Chess Challengers B"]
[Result "0-1"]
[PlyCount "64"]

1. e4 e5 2. Nf3 Nc6 3. Bc4 h6 4. O-O Nf6 5. d3 Bc5 6. Be3 Bxe3 7. fxe3 d6 8. Nc3 O-O 9. h3 Be6 10. b3 Bxc4 11. bxc4 Nb4 12. Rb1 c5 13. a3 Nc6 14. Rxb7 Rb8 15. Rxa7 Nxa7 16. d4 cxd4 17. exd4 exd4 18. Nxd4 Re8 19. e5 dxe5 20. Nf5 Qxd1 21. Rxd1 e4 22. Re1 Rb2 23. Nd6 Re6 24. Ncxe4 Nxe4 25. Nxe4 f5 26. Nc3 Rxe1+ 27. Kf2 Re8 28. Nd5 Rxc2+ 29. Kf3 Rxc4 30. Ne3 Rc3 31. Kf4 Rcxe3 32. g3 R8e4+ 0-1